| 000 | 00554nmm a2200169Ia 4500 | ||
|---|---|---|---|
| 008 | 251105s9999||||xx |||||||||||||||||und|| | ||
| 020 | _a9789681652043 | ||
| 041 | _aspa | ||
| 100 | _ade Bustamante, Carlos María | ||
| 245 | 0 |
_aEl nuevo Bernal : _b Memorias de la guerra México-Estados Unidos |
|
| 264 |
_a[México D.C., Mexico] : _bFondo de Cultura Económica, _c1997 |
||
| 300 | _a69 páginas | ||
| 490 | _aFondo 2000 | ||
| 650 | _aHistory of the Americas: Latin America | ||
| 856 | _uhttps://public.digitaliapublishing.com/a/64356 | ||
| 942 | _cCF | ||
| 999 |
_c96840 _d96840 |
||